| 000 | 00975cab a2200289 4500 | ||
|---|---|---|---|
| 001 | ABS49971 | ||
| 008 | 090401t1994 xxu||||| |||| 00| 0 eng d | ||
| 035 | _a(Sirsi) u73501 | ||
| 041 | _aeng | ||
| 100 | _aBrown, A. | ||
| 245 | _aOpen markets | ||
| 260 | _c1994 | ||
| 350 | _a0 | ||
| 490 |
_aGuardian Gazette _v91(4) 26 January 1994, 19-20(2) |
||
| 520 | _aConsiders the impact of European rules on public procurement which seek to ensure that all public contracts over a certain value are subject to European-wide publicity and awarded in an open and non-discriminatory manner. | ||
| 650 | _aCCT | ||
| 650 | _aCOMPULSORY COMPETITIVE TENDERING | ||
| 650 | _aEC DIRECTIVES | ||
| 650 | _aGENERAL BUILDING AND MAINTNENANCE PLC V GREENWICH LBC | ||
| 650 | _aLOCAL GOVERNMENT ACT 1988 | ||
| 650 | _aPUBLIC CONTRACTS | ||
| 650 | _aPUBLIC PROCUREMENT | ||
| 650 | _aUTILITIES DIRECTIVE | ||
| 690 | _aEUROPE-SINGLE MARKET | ||
| 942 | _n0 | ||
| 948 | _c04/03/1997 | ||
| 999 |
_c46456 _d46456 |
||